00780nam a2200205 a 450000100100000000500170001000800410002702000150006804000250008308200160010810000240012424500810014826000440022930000210027350000760029459000260037070000470039695201140044399900170055700004812220201002060932.0181116s2003 dr 000 f spa d a9993486523 aDO-SdBNPbspacBNPHU axxxxbC957p1 aCruz, Eramis92848810aPor un mejor mañana /cEramis Cruz ; prólogo ; Olivo de León Sandoval. aSanto Domingo :bPunto Mágico,c2003. a199 p. ;c21 cm. aIncluye datos biográficos del autor en la solapa de la contracubierta aInventariado, 2018/LP1 aLeón Sandoval, Olivo de,epról.975604 0010718PDaPDbPDcHDd2018-11-16iLF1l0oxxxx C957pp48122-10r2020-06-25w2020-06-25yLFPDZNo se presta c47610d47610